00249nam a2200097Ia 4500008004100000100002800041245002100069260003200090300000900122650002000131190216s9999||||xx |||||||||||||| ||und|| aVaikam Muhammed Basheer 0aPathummayude Adu bPoorna Pubs Kozhikodec1987 a134p aMalayalam Novel